[Event "World Cup"]
[Site "Khanty-Mansiysk"]
[Date "2007.11.28"]
[Round "2.2"]
[White "Radjabov, Teimour"]
[Black "Macieja, Bartlomiej"]
[Result "0-1"]
[WhiteElo "2742"]
[BlackElo "2606"]
[Annotator "Macieja,B"]
[PlyCount "72"]
[EventDate "2007.11.24"]
[EventType "k.o."]
[EventRounds "7"]
[EventCountry "RUS"]
[SourceTitle "CBM 122"]
[Source "ChessBase"]
[SourceDate "2008.01.30"]
[SourceVersion "1"]
[SourceVersionDate "2008.01.30"]
[SourceQuality "1"]

1. d4 Nf6 2. c4 e6 3. Nf3 d5 {I prepared this system especially for the World
Cup. I used it also in the first match against GM Viktor Laznicka. Usually I
choose between 3...Bb4 and 3...b6.} 4. g3 {Played after a 10-minute thought.
More often Teimour chooses 4.Nc3.} Bb4+ {Aiming for a solid type of position.}
5. Nc3 $1 ({Again played after a long thought. My opponent seemed to be
surprised with my opening choice.} 5. Bd2 Be7 6. Bg2 O-O 7. O-O c6 {has
happened 3 times in Teimour's games.}) 5... O-O 6. Bg2 dxc4 7. O-O Nbd7 $2 {
A bad idea. I didn't see equality after 7...c5 8.dxc5, however the correct
plan was 7...Nc6 followed by Rb8.} 8. Qa4 {8.Qc2 was a reasonable alternative
for White.} a5 9. a3 Nb6 ({Originally I intended to play} 9... Bxc3 10. bxc3
Nb6 11. Qc2 Bd7 {but later I realised, it was worse for Black after} 12. e4 (
12. a4 $6 Bc6) 12... Ba4 13. Qb1 {or 13.Qe2.}) 10. Qc2 Be7 11. e4 Bd7 {White
is not threatening to push the e pawn further, however Black should keep
control over the g5 square. For this reason, c5 cannot be played.} 12. Be3 h6
$6 {Already during the game I had serious doubts about this move. If White
goes with a knight to e5, my move becomes useless, moreover it creates
tactical possibilities for White around my king. However, playing without it
strongly limits the possibilities of Black due to continues threats connected
with e5-Ng5.} 13. Ne5 Qe8 {I understood my position was already difficult. I
desperately needed some air to breathe for my pieces. Unfortunately, all plans
connected with c5 were always met with d5, only increasing already existing
problems.} 14. f4 {This move was not a big surprise for me. The attack has
already started!} Ba4 15. Qe2 $1 ({After} 15. Nxa4 Qxa4 16. Rfc1 $1 Qxc2 17.
Rxc2 {White could win back a pawn, keeping a small advantage, however I
considered changing so many pieces, including queens, as a huge achievement
for Black.}) 15... Bb3 {Some air has been found for pieces, the drawback is
that the bishop cannot help the king now.} 16. f5 Ra6 $1 {Having spent almost
all of my time, I found this prophylactic move. It appeared to be a crucial
moment of the game! Black cannot touch anything on the king's side, while the
control over the 6th rank is essential.} 17. Ng4 $2 {I was much more afraid of
the simple 17.fxe6 fxe6 18.Bh3 followed by Rf2-Raf1. Immediate doubling on the
f-file with 17.Rf2 also deserves serious attention. Another interesting
possibility for White is the prompt pawn attack: g4-h4 (or h4-g4).} Nxg4 18.
Qxg4 exf5 19. Rxf5 Nd7 20. e5 Rg6 $1 {I was very happy with the recent
development of the game. One piece has been changed, leaving more space for
the other black pieces. Moreover, a rook has been transferred from the passive
a8 square to the king's side, significantly increasing defensive possibilities.
Last but not least - I was proud I found such a useful move as 16...Ra6, which
worked out so well!} 21. Qe2 c6 22. Raf1 b5 {At this point I started feeling
that not everything is lost!} 23. Ne4 $2 {Teimour shocked me with this move. I
expected only 23.Be4 which I was going to meet with 23...Re6. Things would not
be simple yet, though I believe with careful play Black should already be able
to escape with a draw.} c3 $1 24. Nxc3 {Frankly speaking, there was nothing
better.} Bc4 25. Qh5 Bxf1 26. Rxf1 {Obviously, White has strong compensation
for the exchange, however I had no reason to complain. I managed to change an
out-of-play bishop for a rook doubled on the f-file, thus I had decreased the
attacking potential of my opponent by a rook, not losing anything from my
defensive potential. What a great deal! Having acknowledged that, my morale
drastically improved. If I managed not to get mated with two white rooks on
the f-file, why should it be worse with only one rook left?} c5 $1 {I knew I
couldn't relax for a second, as it would be punished immediately by my
opponent. My last move opens the position, leaving problems behind once and
for all!} 27. Bf4 ({Objectively,} 27. Bd5 {was stronger, but after the
exchange sacrifice} Nb6 $1 28. Qxg6 Nxd5 29. Qe4 Nxe3 30. Qxe3 cxd4 31. Qxd4
Qc6 {White would have to fight for a draw (with} 32. Qd5 {)}) ({The key idea
of my last move lies in a small tactical trick} 27. d5 Bg5 $1 28. Bf4 Nxe5 $19)
27... cxd4 28. Nxb5 Nc5 $6 {Having more time on the clock, I would have
probably opted for 28...Rb6, but being in time trouble, I decided to change as
many pieces as possible.} 29. Nxd4 Ne6 30. Nf5 {The last attempt to complicate
the position. Without knights, White can only fight for a draw.} Nxf4 31. gxf4
Bc5+ 32. Kh1 Qb5 $1 {The initiative already belongs to Black, even some mating
threats have appeared.} 33. Ng3 Rd8 $1 {The last piece enters the game. The
outcome has already been decided.} 34. Qh4 Rd2 35. f5 Rg5 36. e6 Rxg2 $1 0-1

[Event "World Cup ACP 2nd"]
[Site "Odessa"]
[Date "2008.01.04"]
[Round "1.1"]
[White "Radjabov, Teimour"]
[Black "Drozdovskij, Yuri"]
[Result "1/2-1/2"]
[WhiteElo "2735"]
[BlackElo "2574"]
[PlyCount "66"]
[EventDate "2008.01.04"]
[EventType "k.o. (rapid)"]
[EventRounds "4"]
[EventCountry "UKR"]
[SourceTitle "CBM 122 Extra"]
[Source "ChessBase"]
[SourceDate "2008.03.04"]
[SourceVersion "1"]
[SourceVersionDate "2008.03.04"]
[SourceQuality "1"]

1. e4 e6 2. d4 d5 3. Nc3 dxe4 4. Nxe4 Nd7 5. Nf3 Ngf6 6. Nxf6+ Nxf6 7. Bg5 h6
8. Be3 Nd5 9. Bd2 c5 10. Bb5+ Bd7 11. Bxd7+ Qxd7 12. c4 Nb6 13. Rc1 Be7 14.
dxc5 Bxc5 15. b4 Be7 16. c5 Nd5 17. Ne5 Qc7 18. Qa4+ Kf8 19. f4 g6 20. O-O Kg7
21. Kh1 h5 22. Qc2 Rhd8 23. Qe4 a6 24. a4 Rac8 25. Rfe1 b5 26. axb5 axb5 27.
Qe2 Rb8 28. Ra1 Bf6 29. Ra6 Qb7 30. Ra5 Ne7 31. Bc3 Nd5 32. Bd2 Ne7 33. Bc3 Nd5
1/2-1/2

[Event "World Cup ACP 2nd"]
[Site "Odessa"]
[Date "2008.01.04"]
[Round "1.2"]
[White "Drozdovskij, Yuri"]
[Black "Radjabov, Teimour"]
[Result "0-1"]
[WhiteElo "2574"]
[BlackElo "2735"]
[PlyCount "100"]
[EventDate "2008.01.04"]
[EventType "k.o. (rapid)"]
[EventRounds "4"]
[EventCountry "UKR"]
[SourceTitle "CBM 122 Extra"]
[Source "ChessBase"]
[SourceDate "2008.03.04"]
[SourceVersion "1"]
[SourceVersionDate "2008.03.04"]
[SourceQuality "1"]

1. d4 Nf6 2. c4 g6 3. Nf3 Bg7 4. g3 c6 5. Nc3 d5 6. cxd5 cxd5 7. Bg2 O-O 8. Ne5
e6 9. O-O Nfd7 10. f4 Nc6 11. Kh1 Nb6 12. b3 f6 13. Nxc6 bxc6 14. Ba3 Rf7 15.
Rc1 Ba6 16. Rf2 f5 17. e3 Bf8 18. Bxf8 Qxf8 19. Rfc2 Rc8 20. Ne2 Rfc7 21. Ng1
c5 22. dxc5 Rxc5 23. Nf3 Qd6 24. Nd4 Kf7 25. h3 Nd7 26. g4 Nf6 27. gxf5 exf5
28. Nf3 Ne4 29. Ne5+ Ke7 30. Bxe4 dxe4 31. Qxd6+ Kxd6 32. Rd2+ Ke6 33. Rcd1 Bb5
34. Kg2 Rc2 35. Kg3 Rxd2 36. Rxd2 Rc3 37. a4 Rxe3+ 38. Kh4 Be8 39. Rd8 Ke7 40.
Ra8 Rxb3 41. Rxa7+ Kd6 42. Ra8 Bc6 43. Ra6 Rc3 44. a5 h6 45. Nf7+ Kc5 46. Ra7
e3 47. Kg3 Rc1 48. Ne5 Rg1+ 49. Kh4 e2 50. Re7 e1=Q# 0-1

[Event "Corus"]
[Site "Wijk aan Zee"]
[Date "2008.01.12"]
[Round "1"]
[White "Radjabov, Teimour"]
[Black "Anand, Viswanathan"]
[Result "1-0"]
[WhiteElo "2735"]
[BlackElo "2799"]
[Annotator "Krasenkow,M"]
[PlyCount "169"]
[EventDate "2008.01.12"]
[EventType "tourn"]
[EventRounds "13"]
[EventCountry "NED"]
[EventCategory "20"]
[SourceTitle "CBM 122"]
[Source "ChessBase"]
[SourceDate "2008.01.30"]
[SourceVersion "1"]
[SourceVersionDate "2008.01.30"]
[SourceQuality "1"]

1. d4 d5 2. c4 c6 3. Nc3 Nf6 4. Nf3 e6 5. Bg5 h6 6. Bh4 dxc4 7. e4 g5 8. Bg3 b5
9. Be2 Bb7 10. O-O Nbd7 11. Ne5 Bg7 12. Nxd7 Nxd7 13. Bd6 a6 14. Re1 Bf8 {
[%mdl 8] This system is examined by GM I.Stohl in CBM 118 (annotations to
Iljin-Nepomniachtchi), by GM D.Rogozenko in CBM 120, as well as in annotations
to Inarkiev-Aronian in this issue, which I wrote a couple of weeks ago. The
opening theory is developing so quickly that they are somewhat out of date
already! Particularly, the text move, which I suggested in those annotations,
has now undergone a thorough test at the highest level. Sit and enjoy!} 15. Bg3
Bg7 16. Bd6 Bf8 {An early draw?} 17. Bxf8 {Not yet! Black's uncastled king
gives White some compensation for the pawn.} Rxf8 $6 {I don't like this move.}
(17... Kxf8 $5 {(leaving the line of fire) will probably be tested in future
games, e.g.} 18. b3 cxb3 (18... b4 19. Na4 c3 20. d5 {[%cal Cc6d5,Rd1d4]}) 19.
axb3 Kg7) 18. b3 (18. d5 $5 cxd5 19. exd5 Qb6 {[%cal Ye8c8]}) 18... b4 (18...
cxb3 19. axb3 $36) 19. Na4 c3 20. a3 a5 21. d5 $5 {A typical breakthrough.} Qe7
(21... cxd5 22. exd5 Bxd5 $2 {loses to} 23. Bb5 {with a deadly pin.}) (21...
Qf6 22. Qd3 {and White keeps initiative.}) 22. d6 Qf6 23. e5 $1 Qf4 {The pawn
is untouchable as both} (23... Nxe5 24. Nc5) ({and} 23... Qxe5 24. Ba6 Qxe1+
25. Qxe1 Bxa6 26. axb4 axb4 27. Qe4 {[%cal Oe4c6,Re4b4] are unsatisfactory for
Black.}) 24. Bd3 {[%csl Gd6,Ge5] The white pawn wedge is now extremely strong.}
bxa3 {Again Black can't capture the e5-pawn:} (24... Nxe5 25. Re4 Qf6 26. axb4
$16) ({The attempts to free his b7 bishop also fail:} 24... c5 $2 25. Bb5 {or})
(24... Ba6 25. Bxa6 Rxa6 26. axb4 axb4 27. Qe2 Nb8 (27... Ra8 28. Nxc3 $1) 28.
d7+ $1 Kd8 29. Rad1 {[%cal Ca6a7,Cb8d7,Ya4c5,Yg2g3] with a deadly attack for
White.}) 25. Qe2 $1 {It's time now to protect the pawn, simultaneously
preventing ...Bb7-a6.} (25. Rxa3 Nxe5 {is now less clear, e.g.} 26. Re4 (26.
Nc5 Ng4 $1) 26... Qd2 $1 $13) 25... Qd2 {Black decides to simplify the game at
any cost.} (25... O-O-O 26. Nxc3 f6 {looks quite desperate. White can continue}
27. Bc4 $1 (27. Ne4 $143 Qxe5 $1) 27... Nxe5 (27... Qxe5 28. Qd2) 28. Ne4 $1
Kb8 29. Rxa3 f5 30. Nc5 Ng4 31. g3 Qxd6 32. Rxa5 Qd2 33. Rea1 {with a strong
attack.}) 26. Rxa3 Qxe2 (26... f6 $5) 27. Rxe2 g4 $6 {This attempt to activate
the f8-rook is probably too slow.} (27... Ba6 $5 {was probably better:} 28.
Bxa6 c2 $1 29. Rxc2 Rxa6 $14 {[%cal Od7e5,Ca4c5,Cc5a6,Yf7f6]}) 28. Nxc3 Rg8 29.
Ne4 Kd8 30. Nd2 c5 (30... Rg5 31. f4 gxf3 32. Nxf3 $16) 31. Bb5 $1 Bd5 32. Nc4
Rg5 33. Rea2 {The e5-pawn has played its part. It's now time for the invasion!}
Nxe5 (33... Bxc4 34. bxc4 Rxe5 35. Kf1 $18 {[%cal Ya5a8,Oa3a5,Ce5h5,Ch5h2,
Ya5a7]}) (33... Rb8 34. Rxa5 {and Black is nearly in zugzwang!}) 34. Nb6 $1 Rb8
35. Rxa5 {[%cal Rb6d5,Ra5a8]} Be4 36. Ra7 f6 37. R2a6 {Missing a forced win
but keeping a decisive advantage anyway:} (37. Nd7 $1 Rxb5 38. Nxf6 {[%cal
Ce5c6,Cc6a7,Ra7a8,Ra7e7]} Nc6 39. Rf7 Kc8 40. Nxe4) 37... Rg8 38. Rc7 (38. Ba4
$5 {[%cal Yb6d7]}) 38... Rf8 39. Rxc5 Rf7 40. d7 Nxd7 41. Nxd7 Rxd7 42. Bxd7
Kxd7 {Slowly but surely White brings home his material advantage:} 43. Rc3 f5
44. Ra7+ Kd6 45. Rh7 Bd5 46. Rxh6 Bxb3 47. h3 gxh3 48. Rhxh3 Bd5 49. Rc2 Ke5
50. f3 Kf6 51. Kf2 Rb4 52. Re2 Kg6 53. Kg3 Ra4 54. Rh4 Ra7 55. Rb2 Kf6 56. Rhb4
Ke5 57. Re2+ Kf6 58. Rd2 Ke5 59. Re2+ Kf6 60. Kf4 Ra3 61. Rd2 Ra5 62. Re2 Ra3
63. Kg3 Ra8 64. Rc2 Ke5 65. Rh4 Rg8+ 66. Kh2 Ra8 67. Re2+ Kf6 68. f4 Ke7 69.
Rh7+ Kd6 70. Kg3 Rg8+ 71. Kh3 Rg4 72. g3 Rg8 73. Rd2 Rc8 74. Kh4 Rc3 75. Rg7
Ra3 76. Rc2 Bc6 77. Rc1 Rb3 78. Rg1 Bd5 79. Kg5 Kc5 80. Kf6 Kd4 81. Re1 Rb6 82.
Rd7 Rc6 83. Ke7 Ra6 84. Rd6 Ra7+ 85. Kf6 {[%cal Cd4c5,Cc5d6,Re1e6]} 1-0